| 000 | 00912nam a2200181Ia 4500 | ||
|---|---|---|---|
| 008 | 100921s9999 xx 000 0 und d | ||
| 082 |
_b43081 _a030 न 09 |
||
| 100 | _aठाकुर अशोक नारायण. | ||
| 245 | _aआल्फ्रेड नोबेल आणि नोबेल पारितोषिक विजेते.1901-2008. | ||
| 260 |
_bगंधर्ववेद प्रकाशन,पुणे. _c2009 |
||
| 300 |
_a334 _b--- |
||
| 365 | _b300 | ||
| 520 | _aसंकीर्ण ज्ञानकोश. | ||
| 630 | _aआल्फ्रेड नोबेल आणि नोबेल पारितोषिक विजेते.1901-2008. | ||
| 650 | _aसंकीर्ण ज्ञानकोश. | ||
| 730 | _aआल्फ्रेड नोबेल आणि नोबेल पारितोषिक विजेते.1901-2008. | ||
| 942 | _cBOOK | ||
| 999 |
_c792194 _d792191 |
||